000 00428nam a2200181Ia 4500
001 14478
005 20260306164917.0
008 260306t1996||||xx |||||||||||||| ||spa||
041 _aESP
082 _a515.1
_bN53 T. 1
100 _aNikolski, S. M.
_eAUT
245 0 _aCurso de análisis matemático
260 _c1996
300 _a591 páginas :
_c22 cm.
650 _aGEN
654 _aCMA
942 _cLIB
_dJUS
_fJUS
_2ddc
_n
999 _c14478
_d14478